Score 0/30 Timer 02:00
1 Play Today
Hint Missing Word % Correct
New ____ YankeesYork
98.5%
______ Red SoxBoston
97.5%
_______ White SoxChicago
96%
_______ CubsChicago
96%
___ York MetsNew
94.5%
______ City RoyalsKansas
90.6%
_________ OriolesBaltimore
90.4%
_______ AstrosHouston
88.6%
_______ BravesAtlanta
88.3%
_________ IndiansCleveland
88.1%
_________ TwinsMinnesota
87.7%
_____ Bay RaysTampa
87.7%
_______ Blue JaysToronto
87.5%
_______ TigersDetroit
87.1%
____________ PhilliesPhiladelphia
84.9%
Hint Missing Word % Correct
_____ RangersTexas
84.9%
St. _____ CardinalsLouis
84.6%
_______ MarinersSeattle
84.2%
__________ NationalsWashington
83.9%
_______ AthleticsOakland
82.3%
Los _______ DodgersAngeles
80.9%
_____ MarlinsMiami
78.8%
________ RockiesColorado
76.7%
__________ PiratesPittsburgh
75.5%
San _____ PadresDiego
75.4%
Los Angeles Angels of _______Anaheim
75.2%
_______ DiamondbacksArizona
75.1%
San _________ GiantsFrancisco
74.9%
__________ RedsCincinnati
73.8%
_________ BrewersMilwaukee
72.2%

Today's Daily Dose

Missing Word
'T' Pairs

Word Ladder
Game Pieces

Get the Picture
Baseball Movies

Remove Ads.
Support Sporcle.
Get the best of Sporcle when you Go Orange. This ad-free experience offers more features, more stats, and more fun while also helping to support Sporcle. Thank you for becoming a member.

You're not logged in!

Compare scores with friends on all Sporcle quizzes.
OR
Log In

Show Comments

Extras

Top Quizzes Today


Score Distribution

Your Account Isn't Verified!

In order to create a playlist on Sporcle, you need to verify the email address you used during registration. Go to your Sporcle Settings to finish the process.

Report this User

Report this user for behavior that violates our Community Guidelines.

Details: